Mejoramiento del sistema de agua potable en barrio Lomas del Sol, Municipio de san francisco Libre
Presenta propuesta para la mejora de acceso y servicio y abastecimiento de agua potable para la población del barrio Lomas del Sol municipio de San Francisco Libre así como el levantamiento y recopilación de información topográfica para el conocimiento de las características del terreno, se r...
| Main Author: | |
|---|---|
| Other Authors: | |
| Format: | Tesis Section = Libro |
| Language: | Undetermined Spanish |
| Published: |
Managua
UNI
2017
|
| Subjects: |
| LEADER | 01322nam a2200265Ia 4500 | ||
|---|---|---|---|
| 008 | 240830s9999 xx 000 0 und d | ||
| 040 | |a BIBLIOTECA-RUPAP Mon 628.72 M737 | ||
| 041 | |a spa | ||
| 082 | |a Mon 628.72 M737 | ||
| 100 | 1 | |a Moncada Bellorín, Cristhian Alexander | |
| 245 | 1 | 0 | |a Mejoramiento del sistema de agua potable en barrio Lomas del Sol, Municipio de san francisco Libre |
| 260 | |a Managua |b UNI |c 2017 | ||
| 300 | |a 85 p. :il. | ||
| 500 | |a Contiene anexos y CD. | ||
| 502 | |a Tesis (Ingeniero Civil)- UNI, 2017. | ||
| 520 | 3 | |a Presenta propuesta para la mejora de acceso y servicio y abastecimiento de agua potable para la población del barrio Lomas del Sol municipio de San Francisco Libre así como el levantamiento y recopilación de información topográfica para el conocimiento de las características del terreno, se realizó un análisis de datos poblacional para la proyección de la demanda y el análisis del estado actual de los sistemas de almacenamiento de agua. | |
| 650 | 7 | |a AGUA POTABLE | |
| 650 | 7 | |b SISTEMA DE ABASTECIMIENTO DE AGUA - SAN FRANCISCO LIBRE | |
| 650 | 7 | |c SUMINISTRO DE AGUA | |
| 650 | 7 | |d CALIDAD DEL AGUA | |
| 650 | 7 | |e AGUA PARA CONSUMO DOMESTICO | |
| 700 | 1 | |a Tutor: |b Baltodano Maldonado, José Ángel | |
| 942 | |c BK |2 ddc | ||
| 991 | |a TESIS | ||
| 999 | |c 16547 | ||